The theory of everything : (Record no. 10634)
[ view plain ]
| 000 -LEADER | |
|---|---|
| fixed length control field | 01243nam a2200301 a 4500 |
| 001 - CONTROL NUMBER | |
| control field | 10634 |
| 003 - CONTROL NUMBER IDENTIFIER | |
| control field | BD-JhCC |
| 005 - DATE AND TIME OF LATEST TRANSACTION | |
| control field | 20221013134022.0 |
| 008 - FIXED-LENGTH DATA ELEMENTS--GENERAL INFORMATION | |
| fixed length control field | 020605r20092006cau 001 0 eng d |
| 010 ## - LIBRARY OF CONGRESS CONTROL NUMBER | |
| LC control number | 2002008542 |
| 020 ## - INTERNATIONAL STANDARD BOOK NUMBER | |
| International Standard Book Number | 8179925919 |
| 035 ## - SYSTEM CONTROL NUMBER | |
| System control number | (BD-JhCC)10634 |
| 040 ## - CATALOGING SOURCE | |
| Original cataloging agency | DLC |
| Transcribing agency | DLC |
| Modifying agency | DLC |
| -- | BD-JhCC |
| 042 ## - AUTHENTICATION CODE | |
| Authentication code | pcc |
| 050 00 - LIBRARY OF CONGRESS CALL NUMBER | |
| Classification number | QB985 |
| Item number | .H39 2002 |
| 082 00 - DEWEY DECIMAL CLASSIFICATION NUMBER | |
| Classification number | 523.1 |
| Edition number | 21 |
| Item number | HAW 2009 |
| 100 1# - MAIN ENTRY--PERSONAL NAME | |
| Personal name | Hawking, Stephen, |
| Dates associated with a name | 1942-2018. |
| 245 14 - TITLE STATEMENT | |
| Title | The theory of everything : |
| Remainder of title | the origin and fate of the universe / |
| Statement of responsibility, etc. | Stephen W. Hawking. |
| 260 ## - PUBLICATION, DISTRIBUTION, ETC. | |
| Place of publication, distribution, etc. | Beverly Hills, CA : |
| Name of publisher, distributor, etc. | New Millennium Press, |
| Date of publication, distribution, etc. | c2009. |
| 300 ## - PHYSICAL DESCRIPTION | |
| Extent | 132 p. ; |
| Dimensions | 22 cm. |
| 500 ## - GENERAL NOTE | |
| General note | Includes index. |
| 505 0# - FORMATTED CONTENTS NOTE | |
| Formatted contents note | First lecture-ideas about the universe -- Second lecture-the expanding universe -- Third lecture-black holes -- Fourth lecture-black holes ain't so black -- Fifth lecture-the origin and fate of the universe -- Sixth lecture-the direction of time -- Seventh lecture-the theory of everything. |
| 650 #0 - SUBJECT ADDED ENTRY--TOPICAL TERM | |
| Topical term or geographic name entry element | Cosmology. |
| 650 #0 - SUBJECT ADDED ENTRY--TOPICAL TERM | |
| Topical term or geographic name entry element | Science |
| General subdivision | Philosophy. |
| 942 ## - ADDED ENTRY ELEMENTS (KOHA) | |
| Source of classification or shelving scheme | Dewey Decimal Classification |
| Koha item type | Books |
| Koha issues (borrowed), all copies | 19 |
| Withdrawn status | Lost status | Source of classification or shelving scheme | Damaged status | Not for loan | Home library | Current library | Shelving location | Date acquired | Cost, normal purchase price | Total Checkouts | Full call number | Barcode | Date last seen | Date last checked out | Copy number | Price effective from | Koha item type |
|---|---|---|---|---|---|---|---|---|---|---|---|---|---|---|---|---|---|
| Dewey Decimal Classification | JCC Rouf Library | JCC Rouf Library | General Stacks | 08/01/2018 | 199.00 | 18 | 523.1 HAW 2009 | 14204 | 05/06/2024 | 04/29/2024 | C-1 | 08/01/2018 | Books |